Państwa z największą liczbą morderstw - Statystyki

Ogólne statystyki
  • Ten quiz został rozwiązany 51 529 razy
    27 330 od ostatniego zresetowania
  • Średni wynik to 10 z 20
Statystyki odpowiedzi
# Kraj % Poprawnych
20 982 Stany Zjednoczone
97%
10 697 Rosja
91%
7 525 Chiny
88%
36 579 Meksyk
83%
44 033 Brazylia
81%
40 651 Indie
75%
11 520 Kolumbia
61%
19 846 Południowa Afryka
60%
3 339 Irak
55%
10 598 Wenezuela
51%
64 201 Nigeria
48%
8 241 Pakistan
45%
10 322 D. R. Konga
42%
8 153 Etiopia
28%
3 830 Bangladesz
25%
4 764 Filipiny
21%
3 598 Honduras
17%
3 881 Gwatemala
13%
3 439 Tanzania
13%
4 460 Uganda
12%
Nie znaleziono quizów pasujących do podanych kryteriów
Rozkład punktacji
Procent ludzi z każdym wynikiem
Percentyl według liczby udzielonych odpowiedzi
Twoja historia wyników
Nie rozwiązałeś tego quizu od ostatniego zresetowania